Misiones franciscanas de Tierra Santa en el Tauro Armenia

Saved in:
Bibliografiske detaljer
Hovedforfatter: Trigo, Manuel (Author)
Format: Bog
Sprog:spansk
Udgivet: Barcelona Tipografía Católica 1906
Fag:
Tags: Tilføj Tag
Ingen Tags, Vær først til at tagge denne postø!

MARC

LEADER 00000nam a2200000 a 4500
001 UCI5102
003 CL-VaPUC
008 080314e19060000SP |||||||||||||||||spa|d
082 0 4 |a 271.3  |b TRI  |2 21 
100 0 |a Trigo, Manuel  |e author  |9 527199 
245 1 0 |a Misiones franciscanas de Tierra Santa en el Tauro Armenia 
300 |a 367 p 
942 |c BK 
945 |d 20080314 00:00:00  |a rbrito 
260 |a Barcelona  |b Tipografía Católica  |c 1906 
500 |a Donación Padres Capuchinos 
650 7 |a MISIONES FRANCISCANAS  |2 CL-VaPUC  |9 318182 
650 0 |a Misioneros  |9 324171 
650 0 |a Franciscanos   |9 267404 
650 7 |a MISIONES RELIGIOSAS  |2 CL-VaPUC  |9 393449 
651 7 |a ARMENIA  |2 CL-VaPUC  |9 527200 
583 |a last modification  |c 20080314 00:00:00  |k Rodrigo Vera 
999 |c 328865  |d 328863 
952 |0 0  |1 0  |4 0  |6 271_300000000000000_TRI_1906  |7 0  |8 X  |9 413046  |a FDOBUD  |b FDOBUD  |d 2019-11-22  |i 4411005  |o 271.3 TRI 1906  |p 4411005  |r 2019-11-22  |w 2019-11-22  |y BK_X  |k BUD